000 00475nam a2200169Ia 4500
999 _c18888
_d18888
003 OSt
005 20200707132017.0
008 190216s9999||||xx |||||||||||||| ||und||
040 _coclc
082 _a950
_bPAN/A
100 _aPanikkar, K M
_93047
245 0 _aAsia And Western Dominance /
_cK M Panikkar
260 _bGeorge Allen & Unwin Ltd,
_c1967.
_aLondon:
300 _a350p
650 _aHistory
942 _cBK
_2ddc
_h950
_iPAN/A
_k950
_mPAN/A